000 00551nam a22002057a 4500
999 _c15113
_d15113
003 MIRAKIL
005 20221220153642.0
008 221220b tu ||||| |||| 00| 0 tur d
020 _a9789750724657
040 _aTR-AnCHP
_cTR-AnCHP
041 _atur
082 _a813.42
_bK26y 2015
100 _aKarakaşlı, Karina
245 1 0 _aYetersiz bakiye /
_cKarin Karakaşlı
250 _a2 bs.
260 _aİstanbul :
_bCan Sanat Yayınları,
_c2015.
300 _a119 s. :
_c20 sm.
650 0 _919
_aTürk edebiyatı
_xÖykü
942 _2ddc
_cBKS